Vánoční koncert Petr Bende & band a hosté, Janáčkovo divadlo

Hlavní autor: Bende, Petr, 1977-
Korporativní autor: Petr Bende Band
Jazyk: Čeština
Vydáno: [Praha] : Sony Music Entertainment, p2010
Témata:
Fyzický popis: 1 zvuková deska : digital ; 12 cm + 1 DVD-video
Zvukové nahrávky
Uloženo v:
LEADER 02164njm a2200493 a 4500
001 001136465
003 CZ BrMZK
005 20110225081217.0
006 g g vl
007 sd fsngnnmmned
008 110125p20102009xr ppn g g cze d
015 |a cnb002163328 
024 1 |a 886977856624 
028 0 1 |a 88697785662  |b Sony Music Entertainment 
040 |a BOA001  |b cze 
040 |a ABA001  |b cze 
041 0 |d cze  |d eng 
045 |a y0y0 
047 |a rc  |a pp  |a cr 
072 7 |a 784  |x Vokální hudba  |2 Konspekt  |9 9 
080 |a 78.036  |2 MRF 
080 |a 784.4  |2 MRF 
080 |a 783.65.088  |2 MRF 
080 |a (086.76)  |2 MRF 
100 1 |a Bende, Petr,  |d 1977-  |7 js20050620023  |4 cmp  |4 lyr  |4 arr  |4 sng  |4 itr 
245 1 0 |a Vánoční koncert  |h [zvukový záznam] :  |b Petr Bende & band a hosté, Janáčkovo divadlo 
246 3 0 |a Petr Bende & band a hosté 
260 |a [Praha] :  |b Sony Music Entertainment,  |c p2010 
300 |a 1 zvuková deska :  |b digital ;  |c 12 cm +  |e 1 DVD-video 
500 |a Hudba a texty lidové, Petr Bende a další ; úpravy lidových písní Petr Bende & band 
500 |a Na DVD: záznam z koncertu, videoklipy, fotogalerie 
500 |a Kompaktní deska 
505 0 0 |t Přání --  |t Pásli ovce Valaši --  |t Den přeslavný --  |t Hvězda --  |t Anděl perutí mách --  |t Nesem vám noviny --  |t Chvíle --  |t Štědrej večer nastal --  |t Tráva --  |t Štěstí, zdraví, pokoj svatý --  |t Zaklínám své moře --  |t Bohemian rhapsody --  |t Piánovka --  |t Píseň, co mě učil listopad --  |t Rolničky --  |t Samba s Karlíkem --  |t Nad horú svítá 
518 |a Obrazový a zvukový záznam byl pořízen v rámci Petr Bende & band Moje Země Vánoční turné 2009 v Janáčkově divadle Brno 
648 4 |a 2009 
650 0 7 |a rock  |7 ph125174  |2 czenas 
650 0 7 |a populární písně  |7 ph124354  |y 2001-2010  |2 czenas 
650 0 7 |a koledy, úpravy  |7 ph312539  |2 czenas 
655 7 |a kompaktní desky  |7 fd201991  |2 czenas 
710 2 |a Petr Bende Band  |7 pna2006347431 
910 |a BOA001  |b CDR-1262.748 
990 |a AV 
991 |b 201102 
996 6 |b 2610468738  |c CDR-1262.748  |l MZK  |r Sklad / do 24 hodin  |n 2  |p p.v.  |w 001170097  |u 000010  |a 1  |e BOA001  |j MZK50  |s P